[Event "Titled Tuesday intern op 30th Apr Early"]
[Site "Chess.com INT"]
[Date "2024.04.30"]
[Round "5"]
[White "Castellanos Hernandez, Lhia Itzayana"]
[Black "Shuvalov, Evgenij"]
[Result "0-1"]
[WhiteElo "1900"]
[BlackElo "1993"]
[PlyCount "66"]
[EventDate "2024.04.30"]
[EventType "swiss (blitz)"]
[EventRounds "11"]
[EventCountry "USA"]
[SourceTitle "CB19_2024"]
[SourceDate "2024.05.08"]
[SourceVersion "1"]
[SourceVersionDate "2024.05.08"]
[SourceQuality "1"]

1. Nf3 Nf6 2. e3 g6 3. b3 Bg7 4. Bb2 0-0 5. Be2 c5 6. 0-0 Nc6 7. c4 d5 8. d4 cxd4 9. Nxd4 Nxd4 10. Bxd4 dxc4 11. Bxc4 Qa5 12. Bc3 Qc7 13. Qf3 Bf5 14. Na3 Ng4 15. g3 Bxc3 16. Rac1 Qa5 17. e4 Qxa3 18. exf5 Bb2 19. Qxg4 Bxc1 20. fxg6 Bh6 21. Qh5 Kg7 22. gxf7 Qd6 23. Rd1 Qg6 24. Qe5+ Qf6 25. Qe4 Kh8 26. Qxb7 e6 27. Rd7 Rad8 28. Qxa7 Rxd7 29. Qxd7 Rxf7 30. Qc8+ Rf8 31. Qc5 Bg7 32. a4 Qd4 33. Qxd4 Bxd4 0-1

[Event "Titled Tuesday intern op 30th Apr Early"]
[Site "Chess.com INT"]
[Date "2024.04.30"]
[Round "3"]
[White "Papidakis, Georgios"]
[Black "Shuvalov, Evgenij"]
[Result "0-1"]
[WhiteElo "2106"]
[BlackElo "1993"]
[PlyCount "42"]
[EventDate "2024.04.30"]
[EventType "swiss (blitz)"]
[EventRounds "11"]
[EventCountry "USA"]
[SourceTitle "CB19_2024"]
[SourceDate "2024.05.08"]
[SourceVersion "1"]
[SourceVersionDate "2024.05.08"]
[SourceQuality "1"]

1. Nf3 Nf6 2. b3 g6 3. Bb2 Bg7 4. c4 0-0 5. g3 c5 6. Bg2 Nc6 7. 0-0 d5 8. cxd5 Qxd5 9. Nc3 Qh5 10. a3 Be6 11. b4 cxb4 12. axb4 Nxb4 13. d4 Rfd8 14. Qa4 Nc6 15. Rfd1 Nd5 16. Ne4 Nb6 17. Qa3 Nc4 18. Qc3 Nxb2 19. Qxb2 Bd5 20. Ned2 Nxd4 21. Nxd4 Bxg2 0-1

[Event "Titled Tuesday intern op 16th Apr Early"]
[Site "Chess.com INT"]
[Date "2024.04.16"]
[Round "3"]
[White "Shuvalov, Evgenij"]
[Black "Demchenko, Anton"]
[Result "1/2-1/2"]
[WhiteElo "1993"]
[BlackElo "2609"]
[PlyCount "135"]
[EventDate "2024.04.16"]
[EventType "swiss (blitz)"]
[EventRounds "11"]
[EventCountry "USA"]
[SourceTitle "CB17_2024"]
[SourceDate "2024.04.24"]
[SourceVersion "1"]
[SourceVersionDate "2024.04.24"]
[SourceQuality "1"]

1. d4 Nf6 2. c4 d6 3. Nf3 Nc6 4. Nc3 e5 5. d5 Ne7 6. e4 Ng6 7. g3 Be7 8. Bg2 Bd7 9. h3 c6 10. Be3 h6 11. a4 0-0 12. Qb3 Qc8 13. Rc1 c5 14. h4 Bd8 15. h5 Ne7 16. Ng1 Ng4 17. Bd2 f5 18. f3 Nf6 19. exf5 Nxf5 20. Nge2 Nd4 21. Nxd4 exd4 22. Nb5 Re8+ 23. Kf2 Be7 24. Bf4 Qb8 25. Rce1 Bf8 26. Rxe8 Bxe8 27. g4 a6 28. Na3 Qc7 29. Bf1 Qf7 30. Kg3 Qd7 31. Bd3 Rb8 32. a5 Qc7 33. Bd2 Bf7 34. Re1 b6 35. axb6 Rxb6 36. Qc2 Qb8 37. Bc1 Rb3 38. Kg2 Kh8 39. Bf5 Rb4 40. Be6 Qb7 41. Qf5 Bxe6 42. Rxe6 Kg8 43. Bxh6 Rxb2+ 44. Kg3 Qf7 45. Bg5 Nd7 46. Qxf7+ Kxf7 47. h6 gxh6 48. Bxh6 Bxh6 49. Rxh6 Ne5 50. Rxd6 Rb3 51. Nc2 Nxf3 52. Kf4 Rc3 53. Na1 Nd2 54. g5 Nxc4 55. Rf6+ Kg7 56. d6 Nb6 57. Re6 Re3 58. Rxe3 dxe3 59. Kxe3 Kg6 60. Kd3 Kxg5 61. d7 Nxd7 62. Kc4 Kf6 63. Nb3 Ke5 64. Nxc5 Nxc5 65. Kxc5 Ke4 66. Kb4 Kd3 67. Ka5 Kc4 68. Kxa6 1/2-1/2

[Event "Titled Tuesday intern op 02nd Apr Early"]
[Site "Chess.com INT"]
[Date "2024.04.02"]
[Round "8"]
[White "Shuvalov, Evgenij"]
[Black "Mao, Fengxi"]
[Result "1-0"]
[WhiteElo "1993"]
[BlackElo "2132"]
[PlyCount "63"]
[EventDate "2024.04.02"]
[EventType "swiss (blitz)"]
[EventRounds "11"]
[EventCountry "USA"]
[SourceTitle "CB15_2024"]
[SourceDate "2024.04.10"]
[SourceVersion "1"]
[SourceVersionDate "2024.04.10"]
[SourceQuality "1"]

1. d4 d5 2. c4 e6 3. Nf3 Nf6 4. Nc3 Be7 5. Bf4 0-0 6. e3 Nbd7 7. c5 c6 8. Bd3 b6 9. b4 a5 10. a3 Ba6 11. Bxa6 Rxa6 12. b5 cxb5 13. c6 Qc8 14. c7 b4 15. Nb5 bxa3 16. 0-0 Ne4 17. Qd3 Qb7 18. Rfc1 Rc8 19. Ne1 g5 20. Bg3 a4 21. Nc2 Nxg3 22. hxg3 Ra5 23. Ncxa3 Qa6 24. Rab1 Bxa3 25. Qxa3 Rxb5 26. Rxb5 Qxb5 27. Qe7 Nf8 28. Qxg5+ Kh8 29. Qd8 Qa6 30. Rc6 Qa8 31. Qf6+ Kg8 32. e4 1-0

[Event "Titled Tuesday intern op 12th Mar Early"]
[Site "Chess.com INT"]
[Date "2024.03.12"]
[Round "4"]
[White "Shuvalov, Evgenij"]
[Black "Santeramo, Alessia Carmen"]
[Result "1-0"]
[WhiteElo "2021"]
[BlackElo "2162"]
[PlyCount "89"]
[EventDate "2024.03.12"]
[EventType "swiss (blitz)"]
[EventRounds "11"]
[EventCountry "USA"]
[SourceTitle "CB12_2024"]
[SourceDate "2023.10.01"]
[SourceVersion "1"]
[SourceVersionDate "2023.10.01"]
[SourceQuality "1"]

1. d4 Nf6 2. c4 e6 3. Nc3 Bb4 4. e3 0-0 5. a3 Bxc3+ 6. bxc3 c5 7. Ne2 d6 8. Ng3 e5 9. d5 e4 10. f3 Re8 11. Nxe4 Nxe4 12. fxe4 Qh4+ 13. Kd2 Qxe4 14. Qf3 Qh4 15. Bd3 Nd7 16. Qf4 Qe7 17. Kc2 Ne5 18. Be2 Ng6 19. Qf3 Qe5 20. Bd3 Bd7 21. a4 Nh4 22. Qg3 Qxg3 23. hxg3 Ng6 24. e4 Rad8 25. Bf4 Bc8 26. a5 Ne5 27. Bxe5 Rxe5 28. Rhf1 Rde8 29. Rf4 g5 30. Rf6 Bg4 31. Rxd6 Bh5 32. Rb1 R8e7 33. Rd8+ Kg7 34. d6 R7e6 35. Rxb7 Bg6 36. d7 Rd6 37. Re8 Rxd7 38. Rxd7 Rxe8 39. Rxa7 Bxe4 40. Bxe4 Rxe4 41. a6 Re2+ 42. Kb3 Re1 43. Ka4 Rb1 44. Rb7 h5 45. Rxb1 1-0

[Event "Titled Tuesday intern op 12th Mar Early"]
[Site "Chess.com INT"]
[Date "2024.03.12"]
[Round "2"]
[White "Shuvalov, Evgenij"]
[Black "Schmakel, Sam A"]
[Result "0-1"]
[WhiteElo "2021"]
[BlackElo "2457"]
[PlyCount "106"]
[EventDate "2024.03.12"]
[EventType "swiss (blitz)"]
[EventRounds "11"]
[EventCountry "USA"]
[SourceTitle "CB12_2024"]
[SourceDate "2023.10.01"]
[SourceVersion "1"]
[SourceVersionDate "2023.10.01"]
[SourceQuality "1"]

1. d4 Nf6 2. c4 c5 3. Nf3 cxd4 4. Nxd4 e5 5. Nc2 d5 6. cxd5 Qxd5 7. Qxd5 Nxd5 8. e4 Nb4 9. Nxb4 Bxb4+ 10. Bd2 Nc6 11. Bb5 Bxd2+ 12. Nxd2 Bd7 13. Nc4 Nd4 14. Bxd7+ Kxd7 15. 0-0 f6 16. Rfd1 Rhc8 17. Ne3 Ke6 18. Kf1 Rc6 19. Rac1 Rac8 20. Rxc6+ Rxc6 21. f3 b5 22. Kf2 a5 23. Rd3 b4 24. Rd1 a4 25. Rd2 Rc1 26. Rd1 Rc5 27. Rd2 b3 28. axb3 axb3 29. Rd3 g6 30. Ke1 f5 31. exf5+ gxf5 32. f4 exf4 33. Rxd4 fxe3 34. Rd3 f4 35. Rxb3 Ke5 36. Rc3 Rb5 37. Rc2 Kd4 38. Ke2 Rg5 39. Kf3 Kd3 40. Rc7 Rd5 41. Re7 Kd2 42. b4 Rd3 43. Kxf4 e2 44. g4 e1Q 45. Rxe1 Kxe1 46. h4 Rd4+ 47. Kg5 Rxb4 48. h5 Rb6 49. Kf5 h6 50. g5 Rb5+ 51. Kg6 hxg5 52. h6 g4 53. h7 Rb8 0-1

[Event "Titled Tuesday intern op 16th Jan Early"]
[Site "Chess.com INT"]
[Date "2024.01.16"]
[Round "3"]
[White "Belmonte, Diego Mariano"]
[Black "Shuvalov, Evgenij"]
[Result "1-0"]
[WhiteElo "2305"]
[BlackElo "2079"]
[PlyCount "83"]
[EventDate "2024.01.16"]
[EventType "swiss (blitz)"]
[EventRounds "11"]
[EventCountry "USA"]
[SourceTitle "CB04_2024"]
[SourceDate "2023.10.16"]
[SourceVersion "1"]
[SourceVersionDate "2023.10.16"]
[SourceQuality "1"]

1. d4 Nf6 2. Bg5 g6 3. Bxf6 exf6 4. e3 Bg7 5. g3 0-0 6. Bg2 f5 7. c4 c5 8. Ne2 Nc6 9. 0-0 d6 10. Nbc3 Re8 11. Qd2 Bh6 12. Rfd1 cxd4 13. Nxd4 Ne5 14. b3 a6 15. Nd5 Bf8 16. Rac1 Be6 17. Nf4 Bc8 18. h3 Rb8 19. b4 b6 20. Nc6 Nxc6 21. Bxc6 Re5 22. c5 bxc5 23. bxc5 g5 24. Nh5 f4 25. exf4 gxf4 26. Nxf4 Qf6 27. cxd6 Rb2 28. Qxb2 Re1+ 29. Rxe1 Qxb2 30. d7 Bxd7 31. Bxd7 Bb4 32. Nh5 f5 33. Be6+ Kf8 34. Red1 Bd2 35. Rc7 f4 36. Rf7+ Ke8 37. Nf6+ Kd8 38. Ne4 Qe5 39. Rxd2+ Ke8 40. Nf6+ Qxf6 41. Rxf6 fxg3 42. Rh6 1-0

[Event "Titled Tuesday intern op 16th Jan Early"]
[Site "Chess.com INT"]
[Date "2024.01.16"]
[Round "11"]
[White "Bodicky, Michal"]
[Black "Shuvalov, Evgenij"]
[Result "1-0"]
[WhiteElo "2207"]
[BlackElo "2079"]
[PlyCount "153"]
[EventDate "2024.01.16"]
[EventType "swiss (blitz)"]
[EventRounds "11"]
[EventCountry "USA"]
[SourceTitle "CB04_2024"]
[SourceDate "2023.10.16"]
[SourceVersion "1"]
[SourceVersionDate "2023.10.16"]
[SourceQuality "1"]

1. c4 Nf6 2. g3 g6 3. Bg2 Bg7 4. Nc3 0-0 5. d4 e5 6. dxe5 Ng4 7. Nf3 Nc6 8. Bg5 f6 9. exf6 Bxf6 10. Qd5+ Kg7 11. h4 Nb4 12. Qd2 d5 13. cxd5 Bf5 14. 0-0 h6 15. Bxf6+ Qxf6 16. Nd4 Bd7 17. e4 Ne5 18. a3 Nc4 19. Qd1 Nxb2 20. Qb3 N4d3 21. Nf3 Bg4 22. e5 Qb6 23. Qxb6 axb6 24. Nh2 Bd7 25. e6 Be8 26. Ng4 Nc4 27. Rfd1 Ndb2 28. Rd4 Rxa3 29. Rxa3 Nxa3 30. Ne5 Nac4 31. Nxc4 Nxc4 32. Rxc4 c6 33. dxc6 bxc6 34. Bxc6 Bxc6 35. Rxc6 Re8 36. Rxb6 Kf6 37. Nd5+ Ke5 38. Nc7 Re7 39. Rc6 g5 40. hxg5 hxg5 41. Kg2 g4 42. Rc4 Kd6 43. Nb5+ Kd5 44. Rxg4 Rb7 45. Nc3+ Kxe6 46. Ne4 Kf5 47. Rh4 Rb2 48. Nd6+ Ke6 49. Nc4 Ra2 50. Ne3 Kf6 51. Kf3 Kg5 52. Rb4 Rd2 53. Rb5+ Kf6 54. g4 Ra2 55. Kg3 Ra3 56. Kf4 Ra4+ 57. Kg3 Ra3 58. Rb4 Ke5 59. f4+ Ke6 60. Kf3 Rc3 61. Ke4 Ra3 62. g5 Kd6 63. f5 Kc5 64. Rc4+ Kb5 65. Rd4 Ra1 66. Ke5 Rg1 67. g6 Kc5 68. Rc4+ Kb5 69. Rc8 Kb6 70. Kf6 Kb7 71. Re8 Kc6 72. g7 Kd7 73. g8Q Re1 74. Qe6+ Kc7 75. Rc8+ Kb7 76. Qc6+ Ka7 77. Ra8# 1-0

[Event "Titled Tuesday intern op 16th Jan Early"]
[Site "Chess.com INT"]
[Date "2024.01.16"]
[Round "9"]
[White "Kraus, Tomas"]
[Black "Shuvalov, Evgenij"]
[Result "0-1"]
[WhiteElo "2484"]
[BlackElo "2079"]
[PlyCount "46"]
[EventDate "2024.01.16"]
[EventType "swiss (blitz)"]
[EventRounds "11"]
[EventCountry "USA"]
[SourceTitle "CB04_2024"]
[SourceDate "2023.10.16"]
[SourceVersion "1"]
[SourceVersionDate "2023.10.16"]
[SourceQuality "1"]

1. e4 e6 2. d4 d5 3. Nd2 c5 4. Ngf3 Nc6 5. c3 cxd4 6. cxd4 Qb6 7. exd5 exd5 8. Nb3 Nf6 9. Bd3 Bb4+ 10. Bd2 0-0 11. 0-0 Bg4 12. Bxb4 Nxb4 13. Be2 Nc6 14. h3 Bh5 15. Rc1 Rfe8 16. Re1 Ne4 17. Nfd2 Bxe2 18. Qxe2 Nxd4 19. Nxd4 Qxd4 20. Nb3 Qb6 21. Rcd1 Rad8 22. Kf1 Rd6 23. Qd3 Qxf2# 0-1

[Event "Titled Tuesday intern op 16th Jan Early"]
[Site "Chess.com INT"]
[Date "2024.01.16"]
[Round "2"]
[White "Shimanov, Aleksandr"]
[Black "Shuvalov, Evgenij"]
[Result "1-0"]
[WhiteElo "2578"]
[BlackElo "2079"]
[PlyCount "57"]
[EventDate "2024.01.16"]
[EventType "swiss (blitz)"]
[EventRounds "11"]
[EventCountry "USA"]
[SourceTitle "CB04_2024"]
[SourceDate "2023.10.16"]
[SourceVersion "1"]
[SourceVersionDate "2023.10.16"]
[SourceQuality "1"]

1. e4 e6 2. Qe2 c5 3. Nf3 Nc6 4. d3 Nf6 5. g3 d5 6. Bg2 Be7 7. 0-0 0-0 8. e5 Ne8 9. c4 Nc7 10. Nc3 Rb8 11. h4 b5 12. b3 bxc4 13. dxc4 Ba6 14. Rd1 Qc8 15. h5 h6 16. g4 dxc4 17. bxc4 Na5 18. g5 Bxc4 19. Qe4 Nd5 20. Bd2 Rb4 21. gxh6 Bb3 22. Qd3 Bxd1 23. hxg7 Rd8 24. Rxd1 Rg4 25. Qb1 Nc4 26. Nxd5 Rxd5 27. Bh6 Rxd1+ 28. Qxd1 Qc6 29. Qe2 1-0

[Event "Titled Tuesday intern op 16th Jan Early"]
[Site "Chess.com INT"]
[Date "2024.01.16"]
[Round "6"]
[White "Shuvalov, Evgenij"]
[Black "Matveeva, Olga"]
[Result "0-1"]
[WhiteElo "2079"]
[BlackElo "2156"]
[PlyCount "88"]
[EventDate "2024.01.16"]
[EventType "swiss (blitz)"]
[EventRounds "11"]
[EventCountry "USA"]
[SourceTitle "CB04_2024"]
[SourceDate "2023.10.16"]
[SourceVersion "1"]
[SourceVersionDate "2023.10.16"]
[SourceQuality "1"]

1. d4 d5 2. c4 e6 3. Nc3 Nf6 4. Nf3 a6 5. c5 b6 6. cxb6 cxb6 7. Bf4 Bd6 8. Bg3 0-0 9. e3 Nc6 10. Bd3 Bb7 11. Bh4 Be7 12. 0-0 Rc8 13. Qe2 b5 14. a4 b4 15. Nb1 a5 16. Nbd2 Nd7 17. Bg3 Nf6 18. h3 Qb6 19. Nb3 Ne4 20. Bxe4 dxe4 21. Nfd2 Ba6 22. Nc4 Nxd4 23. Nxd4 Bxc4 24. Qg4 Bxf1 25. Rxf1 Qc5 26. Qxe4 Bf6 27. Nb5 Rfd8 28. b3 Qc2 29. Qb7 Qxb3 30. Nd6 Rxd6 31. Bxd6 Qc4 32. Rd1 b3 33. Be7 Bxe7 34. Qxe7 h6 35. Rd7 Rf8 36. Rc7 Qe2 37. Rb7 b2 38. Kh2 Qxf2 39. Qc5 Rd8 40. Qb6 Rd2 41. Rb8+ Kh7 42. Qc6 Qxe3 43. Rb5 Qf4+ 44. Kg1 Rd1# 0-1

[Event "Titled Tuesday intern op 09th Jan Early"]
[Site "Chess.com INT"]
[Date "2024.01.09"]
[Round "5"]
[White "Prudnykova, Olga"]
[Black "Shuvalov, Evgenij"]
[Result "0-1"]
[WhiteElo "2241"]
[BlackElo "2079"]
[PlyCount "78"]
[EventDate "2024.01.09"]
[EventType "swiss (blitz)"]
[EventRounds "11"]
[EventCountry "USA"]
[SourceTitle "CB03_2024"]
[SourceDate "2024.01.17"]
[SourceVersion "1"]
[SourceVersionDate "2024.01.17"]
[SourceQuality "1"]

1. e4 e6 2. d4 d5 3. e5 c5 4. c3 Nc6 5. Be3 Nh6 6. Bd3 cxd4 7. cxd4 Qb6 8. Qd2 Ng4 9. Nc3 Bd7 10. Nf3 Nxe3 11. fxe3 Be7 12. 0-0 0-0 13. Kh1 Rac8 14. e4 Nb4 15. exd5 Nxd5 16. Nxd5 exd5 17. Rad1 h6 18. Qf2 Bb5 19. Rfe1 Bxd3 20. Rxd3 Rc6 21. Rde3 Bb4 22. Rf1 Qc7 23. Nh4 Rc2 24. Qf3 Bd2 25. Rb3 Bg5 26. Nf5 Rc1 27. Rc3 Rxc3 28. bxc3 g6 29. Nd6 Qc6 30. c4 dxc4 31. d5 Qd7 32. Qe4 c3 33. Qc4 Qe7 34. Qxc3 Kh7 35. Qg3 Kg8 36. e6 fxe6 37. Rxf8+ Qxf8 38. h4 Qf1+ 39. Kh2 Bf4 0-1

[Event "Titled Tuesday intern op 09th Jan Early"]
[Site "Chess.com INT"]
[Date "2024.01.09"]
[Round "9"]
[White "Shuvalov, Evgenij"]
[Black "Piesik, Piotr"]
[Result "0-1"]
[WhiteElo "2079"]
[BlackElo "2421"]
[PlyCount "76"]
[EventDate "2024.01.09"]
[EventType "swiss (blitz)"]
[EventRounds "11"]
[EventCountry "USA"]
[SourceTitle "CB03_2024"]
[SourceDate "2024.01.17"]
[SourceVersion "1"]
[SourceVersionDate "2024.01.17"]
[SourceQuality "1"]

1. d4 c5 2. d5 e5 3. dxe6 fxe6 4. e4 Nc6 5. Nc3 Nf6 6. Bd3 d5 7. exd5 exd5 8. Nf3 Be7 9. 0-0 0-0 10. h3 Nb4 11. Be2 Bf5 12. Bd3 Nxd3 13. cxd3 d4 14. Ne2 Nd5 15. Qb3 Kh8 16. Ne5 Bf6 17. Nc4 Nb4 18. Nf4 b5 19. Nd2 Qb6 20. a3 Nxd3 21. Nxd3 c4 22. Nxc4 bxc4 23. Qxb6 axb6 24. Nb4 d3 25. Nd5 Bd4 26. Be3 Bxb2 27. Rab1 c3 28. Bd4 d2 29. Rxb2 cxb2 30. Bxb2 Rad8 31. Ne3 Bd3 32. Ra1 Be2 33. Nd1 Rfe8 34. Bc3 Rd3 35. Bb4 Rc8 36. Nb2 Rc1+ 37. Kh2 Rxa1 38. Bxd2 Rxd2 0-1

[Event "Titled Tuesday intern op 19th Dec Early"]
[Site "Chess.com INT"]
[Date "2023.12.19"]
[Round "6"]
[White "Kolmagorov, Alexey"]
[Black "Shuvalov, Evgenij"]
[Result "1-0"]
[WhiteElo "2124"]
[BlackElo "2079"]
[PlyCount "75"]
[EventDate "2023.12.19"]
[EventType "swiss (blitz)"]
[EventRounds "11"]
[EventCountry "USA"]
[SourceTitle "CB52_2023"]
[SourceDate "2023.12.27"]
[SourceVersion "1"]
[SourceVersionDate "2023.12.27"]
[SourceQuality "1"]

1. Nf3 Nf6 2. c4 g6 3. Nc3 d5 4. cxd5 Nxd5 5. e4 Nxc3 6. bxc3 Bg7 7. Rb1 0-0 8. h4 Bg4 9. Rxb7 c5 10. Be2 Nc6 11. Qa4 Bxf3 12. Bxf3 Ne5 13. Be2 Nd3+ 14. Bxd3 Qxd3 15. Rh3 Qd6 16. Qc4 Rab8 17. Rb3 a5 18. Ba3 Rfd8 19. d3 Qf4 20. h5 a4 21. Rf3 Qxf3 22. Rxb8 Qxg2 23. Rxd8+ Bf8 24. Bxc5 Qh1+ 25. Kd2 Kg7 26. Bd4+ f6 27. Ra8 e5 28. Qc7+ Kh6 29. Rxf8 exd4 30. Rf7 Kg5 31. Qg3+ Kh6 32. Qf4+ g5 33. Qxf6+ Kxh5 34. Rxh7+ Kg4 35. Rxh1 dxc3+ 36. Kxc3 a3 37. Rg1+ Kh3 38. Qh6# 1-0

[Event "Titled Tuesday intern op 19th Dec Early"]
[Site "Chess.com INT"]
[Date "2023.12.19"]
[Round "5"]
[White "Shuvalov, Evgenij"]
[Black "Korol, Dimitry"]
[Result "0-1"]
[WhiteElo "2079"]
[BlackElo "2287"]
[PlyCount "102"]
[EventDate "2023.12.19"]
[EventType "swiss (blitz)"]
[EventRounds "11"]
[EventCountry "USA"]
[SourceTitle "CB52_2023"]
[SourceDate "2023.12.27"]
[SourceVersion "1"]
[SourceVersionDate "2023.12.27"]
[SourceQuality "1"]

1. d4 Nf6 2. c4 c5 3. d5 b5 4. cxb5 a6 5. e3 axb5 6. Bxb5 Qa5+ 7. Nc3 Bb7 8. Bd2 Qb6 9. a4 Nxd5 10. Nf3 e6 11. 0-0 Nb4 12. e4 Be7 13. Bf4 0-0 14. Ne5 d5 15. exd5 exd5 16. Re1 Bf6 17. Ng4 Bd4 18. Be5 Bxe5 19. Nxe5 Qh6 20. Re3 d4 21. Rh3 Qf6 22. Ng4 Qg5 23. Nb1 h5 24. Rg3 hxg4 25. Rxg4 Qh6 26. Nd2 N8c6 27. Nc4 Rad8 28. h3 Rfe8 29. Qb3 Re6 30. Qg3 Rg6 31. Rxg6 Qxg6 32. Qc7 Rb8 33. Re1 Kh7 34. Re4 Qxe4 35. Qxf7 Ne5 36. Qh5+ Kg8 37. f3 Qe1+ 38. Kh2 Rf8 39. Nxe5 Qe3 40. Bc4+ Bd5 41. Bxd5+ Nxd5 42. Ng6 Qe6 43. Qxd5 Qxd5 44. Ne7+ Kf7 45. Nxd5 Ra8 46. Nb6 Ra6 47. Nd7 Rxa4 48. Nxc5 Rb4 49. Nd3 Rb3 50. Ne5+ Ke6 51. Nc6 Kd5 0-1

[Event "Titled Tuesday intern op 14th Nov Early"]
[Site "Chess.com INT"]
[Date "2023.11.14"]
[Round "5"]
[White "Anishka, Vikram"]
[Black "Shuvalov, Evgenij"]
[Result "0-1"]
[WhiteElo "1712"]
[BlackElo "2079"]
[PlyCount "56"]
[EventDate "2023.11.14"]
[EventType "swiss (blitz)"]
[EventRounds "11"]
[EventCountry "USA"]
[SourceTitle "CB47_2023"]
[SourceDate "2023.11.22"]
[SourceVersion "1"]
[SourceVersionDate "2023.11.22"]
[SourceQuality "1"]

1. d4 Nf6 2. c4 g6 3. Nc3 d5 4. cxd5 Nxd5 5. Bd2 c5 6. dxc5 Bg7 7. Qb3 Nf6 8. e4 0-0 9. Nf3 Nbd7 10. Be3 Ng4 11. Nd5 e6 12. Nf4 Nxe3 13. Qxe3 Bxb2 14. Rb1 Qa5+ 15. Nd2 Bc3 16. Rb5 Qa3 17. Ne2 Bxd2+ 18. Qxd2 Nxc5 19. Nf4 Nxe4 20. Qc2 a6 21. Rb3 Qa5+ 22. Ke2 Nc5 23. Rc3 b6 24. g3 Bb7 25. Bg2 Bxg2 26. Nxg2 Rad8 27. Rb1 Ne4 28. Re3 Rd2+ 0-1

[Event "Titled Tuesday intern op 14th Nov Early"]
[Site "Chess.com INT"]
[Date "2023.11.14"]
[Round "8"]
[White "Belov, Alexei"]
[Black "Shuvalov, Evgenij"]
[Result "0-1"]
[WhiteElo "2421"]
[BlackElo "2079"]
[PlyCount "106"]
[EventDate "2023.11.14"]
[EventType "swiss (blitz)"]
[EventRounds "11"]
[EventCountry "USA"]
[SourceTitle "CB47_2023"]
[SourceDate "2023.11.22"]
[SourceVersion "1"]
[SourceVersionDate "2023.11.22"]
[SourceQuality "1"]

1. e4 e6 2. d4 d5 3. Nd2 c5 4. Ngf3 Nc6 5. dxc5 Bxc5 6. Bd3 Nb4 7. Bb5+ Bd7 8. Bxd7+ Qxd7 9. exd5 Qxd5 10. 0-0 Nf6 11. a3 Nc6 12. b4 Be7 13. c4 Qh5 14. Bb2 0-0 15. b5 Na5 16. Qa4 b6 17. Ne5 Ng4 18. Ndf3 Bf6 19. Rfe1 Rfc8 20. Re4 Nxe5 21. Bxe5 Rc5 22. Bxf6 gxf6 23. Qb4 Rac8 24. Rc1 f5 25. Rd4 Qg6 26. Qe1 Qf6 27. Qe2 Nb3 28. Rcd1 Nxd4 29. Nxd4 Rxc4 30. Nc6 R4xc6 31. bxc6 Rxc6 32. h3 Rc8 33. Rd7 a5 34. Qe3 b5 35. f4 b4 36. axb4 axb4 37. Rb7 Qc3 38. Qe2 Qc1+ 39. Qf1 Qxf1+ 40. Kxf1 Rc4 41. g3 Kg7 42. Kf2 Kf6 43. Kf3 h5 44. h4 Rc3+ 45. Kg2 b3 46. Kh3 Kg7 47. Rb6 Kf8 48. Rb7 Ke8 49. Rb6 Kd7 50. Rb7+ Kc6 51. Rb8 Kc5 52. Kg2 Kc4 53. Kf1 Rc2 0-1

[Event "Titled Tuesday intern op 14th Nov Early"]
[Site "Chess.com INT"]
[Date "2023.11.14"]
[Round "7"]
[White "Larino Nieto, David"]
[Black "Shuvalov, Evgenij"]
[Result "0-1"]
[WhiteElo "2366"]
[BlackElo "2079"]
[PlyCount "64"]
[EventDate "2023.11.14"]
[EventType "swiss (blitz)"]
[EventRounds "11"]
[EventCountry "USA"]
[SourceTitle "CB47_2023"]
[SourceDate "2023.11.22"]
[SourceVersion "1"]
[SourceVersionDate "2023.11.22"]
[SourceQuality "1"]

1. e4 e6 2. d4 d5 3. Nd2 c5 4. exd5 exd5 5. Ngf3 Nc6 6. Bb5 Qe7+ 7. Kf1 Nf6 8. h3 Qc7 9. g3 Bd6 10. dxc5 Bxc5 11. Nb3 Bxf2 12. Bf4 Qb6 13. Qe2+ Ne4 14. Ng5 Bc5 15. Nxe4 dxe4 16. Qxe4+ Be6 17. Bd3 0-0-0 18. Nxc5 Qxc5 19. Rh2 Rhe8 20. Qa4 g5 21. Bd2 Ne5 22. g4 Nf3 23. Rf2 Bd5 24. Qb4 Qc7 25. Qc3 Bc6 26. Qf6 Qg3 27. Rg2 Nh2+ 28. Rxh2 Qxh2 29. Qf2 Qh1+ 30. Qg1 Qf3+ 31. Qf2 Qxh3+ 32. Kg1 Qh1# 0-1

[Event "Titled Tuesday intern op 14th Nov Early"]
[Site "Chess.com INT"]
[Date "2023.11.14"]
[Round "9"]
[White "Shuvalov, Evgenij"]
[Black "Toman, Ondrej"]
[Result "1/2-1/2"]
[WhiteElo "2079"]
[BlackElo "2283"]
[PlyCount "69"]
[EventDate "2023.11.14"]
[EventType "swiss (blitz)"]
[EventRounds "11"]
[EventCountry "USA"]
[SourceTitle "CB47_2023"]
[SourceDate "2023.11.22"]
[SourceVersion "1"]
[SourceVersionDate "2023.11.22"]
[SourceQuality "1"]

1. d4 Nf6 2. c4 e6 3. Nc3 Bb4 4. e3 c5 5. Nge2 d5 6. a3 Bxc3+ 7. Nxc3 cxd4 8. exd4 Nc6 9. Be3 dxc4 10. Bxc4 Ne7 11. Bg5 Nfd5 12. Nxd5 exd5 13. Bb5+ Bd7 14. Qa4 Bxb5 15. Qxb5+ Qd7 16. Qxd7+ Kxd7 17. Bxe7 Rhe8 18. Kd2 Rxe7 19. Rhe1 Re4 20. Rxe4 dxe4 21. Rc1 Kd6 22. Ke3 f5 23. h4 g6 24. g3 a5 25. Rc5 b6 26. Rb5 Kc6 27. a4 Rd8 28. Re5 Kd6 29. Rb5 Rb8 30. b4 axb4 31. Rxb4 Kc6 32. Rc4+ Kd6 33. Rb4 Kc6 34. Rc4+ Kd6 35. Rb4 1/2-1/2